<?xml version="1.0" encoding="UTF-8"?>
<record
    xmlns:xsi="http://www.w3.org/2001/XMLSchema-instance"
    xsi:schemaLocation="http://www.loc.gov/MARC21/slim http://www.loc.gov/standards/marcxml/schema/MARC21slim.xsd"
    xmlns="http://www.loc.gov/MARC21/slim">

  <leader>02919naa a2200337Ia 4500</leader>
  <controlfield tag="003">OSt</controlfield>
  <controlfield tag="005">20260417155836.0</controlfield>
  <controlfield tag="007">a</controlfield>
  <controlfield tag="008">260417s2017    xx            000 0 und d</controlfield>
  <datafield tag="040" ind1=" " ind2=" ">
    <subfield code="a">Foundation University</subfield>
    <subfield code="b">Eng</subfield>
    <subfield code="c">Foundation University</subfield>
    <subfield code="e">rda</subfield>
  </datafield>
  <datafield tag="050" ind1=" " ind2=" ">
    <subfield code="a">CBA (OprMgt-FS) LG 221 D35 B87</subfield>
    <subfield code="b">A5 B87 O64 2016 B36</subfield>
  </datafield>
  <datafield tag="099" ind1=" " ind2=" ">
    <subfield code="a">799</subfield>
  </datafield>
  <datafield tag="100" ind1=" " ind2=" ">
    <subfield code="a">Bantayanon, Gloria Fatima T.</subfield>
    <subfield code="9">1517</subfield>
    <subfield code="e">author.</subfield>
  </datafield>
  <datafield tag="245" ind1="1" ind2="0">
    <subfield code="a">A feasibility study of establishing "Fruits-Veges cupcakes queen Shop," Robinson's Place, Dumaguete City /</subfield>
    <subfield code="c">by Gloria Fatima T. Bantayanon, Mera T. Tuballa and Cherie C. Valencia</subfield>
  </datafield>
  <datafield tag="264" ind1=" " ind2=" ">
    <subfield code="a">Dumaguete City :</subfield>
    <subfield code="b">Foundation University ;</subfield>
    <subfield code="c">2016.</subfield>
    <subfield code="4">2016.</subfield>
  </datafield>
  <datafield tag="300" ind1=" " ind2=" ">
    <subfield code="a">xiv, 178 leaves :</subfield>
    <subfield code="b">ill. (chiefly color) ;</subfield>
    <subfield code="c">28 cm.</subfield>
    <subfield code="3">volume</subfield>
    <subfield code="f">resource</subfield>
  </datafield>
  <datafield tag="336" ind1=" " ind2=" ">
    <subfield code="2">rdacontent</subfield>
    <subfield code="a">text</subfield>
    <subfield code="b">txt</subfield>
  </datafield>
  <datafield tag="337" ind1=" " ind2=" ">
    <subfield code="2">rdamedia</subfield>
    <subfield code="a">unmediated</subfield>
    <subfield code="b">n</subfield>
  </datafield>
  <datafield tag="338" ind1=" " ind2=" ">
    <subfield code="3">rdacarrier</subfield>
    <subfield code="a">volume</subfield>
    <subfield code="b">nc</subfield>
  </datafield>
  <datafield tag="502" ind1=" " ind2=" ">
    <subfield code="e">Undergraduate feasibility (BS in Administration Major in Operations Management) - - Foundation University, 2016.</subfield>
  </datafield>
  <datafield tag="504" ind1=" " ind2=" ">
    <subfield code="a">Includes bibliographical references and appendices.</subfield>
  </datafield>
  <datafield tag="520" ind1=" " ind2=" ">
    <subfield code="a">ABSTRACT
It was the objective of this study to determine the feasibility of Fruits-
Veggies Cupcakes Queen Shop in Robinson's Place Dumaguete City, Negos
Oriental. In this project feasibility study, the researcher's method used is
questionnaire. The result of the study indicates that based on the underlying
assumptions, of Fruits-Veggies Cupcakes Queen Shop in Robinson's Place
Dumaguete City, Negros Oriental is feasible. In summary, from the technical
point of view, the said Cupcake Queen Shop business is feasible. On the
financial aspect the Cupcake Queen Shop business is profitable.
To the management part, it was also found feasible. VWith its marketing
aspect the Cupcake Queen Shop business has a very high demand. The
residents are looking forward to its soon as possible implementation of the
business.
The proposed business has been evaluated the marketability of it. A total
of 399 or 400 respondents composed of students, workers, and parents were
selected through questionnaire survey method.
Moreover, on the basis of the vital findings in this study, the
researcher concludes that the project is feasible from the aspects of marketing.
technical, management, financial and socio-economic.</subfield>
  </datafield>
  <datafield tag="650" ind1=" " ind2=" ">
    <subfield code="a">Feasibility studies</subfield>
    <subfield code="z">Philippines.</subfield>
    <subfield code="z">Dumaguete City.</subfield>
    <subfield code="9">1518</subfield>
  </datafield>
  <datafield tag="650" ind1=" " ind2=" ">
    <subfield code="a">Cupcakes</subfield>
    <subfield code="z">Philippines.</subfield>
    <subfield code="z">Dumaguete City.</subfield>
    <subfield code="9">15506</subfield>
  </datafield>
  <datafield tag="650" ind1=" " ind2=" ">
    <subfield code="a">Bakeries</subfield>
    <subfield code="z">Philippines.</subfield>
    <subfield code="z">Dumaguete City.</subfield>
    <subfield code="9">15505</subfield>
  </datafield>
  <datafield tag="650" ind1=" " ind2=" ">
    <subfield code="a">Small business</subfield>
    <subfield code="9">15504</subfield>
    <subfield code="z">Philippines</subfield>
    <subfield code="z">Dumaguete City.</subfield>
  </datafield>
  <datafield tag="658" ind1=" " ind2=" ">
    <subfield code="a">Project Feasibility Study :</subfield>
    <subfield code="b">Administration Major in Operations Management, Bachelor of Science in ;</subfield>
    <subfield code="c">FSB301.</subfield>
  </datafield>
  <datafield tag="700" ind1="1" ind2=" ">
    <subfield code="a">Tuballa, Mera T.</subfield>
    <subfield code="e">co-author</subfield>
    <subfield code="9">15522</subfield>
  </datafield>
  <datafield tag="700" ind1="1" ind2=" ">
    <subfield code="a">Valencia, Cherie C.</subfield>
    <subfield code="e">co-author</subfield>
    <subfield code="9">15525</subfield>
  </datafield>
  <datafield tag="942" ind1=" " ind2=" ">
    <subfield code="2">lcc</subfield>
    <subfield code="c">FS</subfield>
    <subfield code="h">LG 221 D35 B87</subfield>
    <subfield code="i">A5 B87 O64 2016 B36</subfield>
    <subfield code="k">CBA (OprMgt-FS) </subfield>
    <subfield code="n">0</subfield>
  </datafield>
  <datafield tag="999" ind1=" " ind2=" ">
    <subfield code="c">5755</subfield>
    <subfield code="d">5755</subfield>
  </datafield>
  <datafield tag="952" ind1=" " ind2=" ">
    <subfield code="0">0</subfield>
    <subfield code="1">0</subfield>
    <subfield code="2">lcc</subfield>
    <subfield code="4">0</subfield>
    <subfield code="7">0</subfield>
    <subfield code="a">FOUNDATION</subfield>
    <subfield code="b">FOUNDATION</subfield>
    <subfield code="c">MAIN-UGThe</subfield>
    <subfield code="d">2026-04-17</subfield>
    <subfield code="e">Donated</subfield>
    <subfield code="l">0</subfield>
    <subfield code="o">CBA (OprMgt-FS) LG 221 D35 B87 A5 B87 O64 2016 B36 c.1</subfield>
    <subfield code="p">59317</subfield>
    <subfield code="r">2026-04-17 15:59:05</subfield>
    <subfield code="w">2026-04-17</subfield>
    <subfield code="y">FS</subfield>
    <subfield code="k">OprMgt-FS-2026007</subfield>
  </datafield>
  <datafield tag="952" ind1=" " ind2=" ">
    <subfield code="0">0</subfield>
    <subfield code="1">0</subfield>
    <subfield code="2">lcc</subfield>
    <subfield code="4">0</subfield>
    <subfield code="7">0</subfield>
    <subfield code="a">FOUNDATION</subfield>
    <subfield code="b">FOUNDATION</subfield>
    <subfield code="c">MAIN-UGThe</subfield>
    <subfield code="d">2026-04-17</subfield>
    <subfield code="e">Donated</subfield>
    <subfield code="l">0</subfield>
    <subfield code="o">CBA (OprMgt-FS) LG 221 D35 B87 A5 B87 O64 2016 B36 c.2</subfield>
    <subfield code="p">59333</subfield>
    <subfield code="r">2026-04-17 15:59:00</subfield>
    <subfield code="w">2026-04-17</subfield>
    <subfield code="y">FS</subfield>
    <subfield code="k">OprMgt-FS-2026008</subfield>
  </datafield>
</record>
